000 00450nam a2200169 4500
001 136731
003 ES-MaACL
005 20230906195219.0
007 t|
008 070214s1971 sp r ||||1| spa d
100 1 _aSalado, Manuel.
_9101697
245 1 0 _aZapatos sin cordones
_b: novela /
_cManuel Salado.
250 _a1ยช ed.
260 _aBarcelona :
_bPlaneta,
_c1971.
300 _a252 p. ;
_c19 cm.
852 _aES-MaACL
_jC-39298
_bR.76945
999 _c136731
_d136731